[Event "Sparkassen-Open J"]
[Site "Heusenstamm, Martinsee"]
[Date "2019.11.22"]
[Round "1.1"]
[White "Eull, Emil"]
[Black "Müftahi, Tunay"]
[Result "1-0"]
[WhiteElo "1504"]
[BlackElo "1002"]
[PlyCount "90"]
[EventDate "2019.??.??"]
[WhiteTeam "SF Neuberg"]
[BlackTeam "SK Gründau"]

1. e4 c5 2. Nf3 Nc6 3. d4 cxd4 4. Nxd4 g6 5. Nc3 Bg7 6. Be3 Nf6 7. Bc4 e6 8. f3
O-O 9. Qd2 Re8 10. O-O-O d5 11. Bb3 Bd7 12. exd5 exd5 13. Nxd5 Nxd5 14. Bxd5
Rc8 15. Nxc6 Bxc6 16. Bxc6 Qf6 17. Bd4 Qxc6 18. Bxg7 Kxg7 19. c3 b5 20. h4 b4
21. Qd4+ Kg8 22. Qxb4 Rb8 23. Qd4 Qb5 24. b3 Rbc8 25. h5 Qa5 26. hxg6 fxg6 27.
Qd5+ Qxd5 28. Rxd5 Rxc3+ 29. Kb2 Rce3 30. Rd2 Re2 31. Kc2 Rxd2+ 32. Kxd2 Rd8+
33. Kc3 Re8 34. Rd1 Re5 35. a4 Re7 36. Rd2 Kf7 37. b4 Ke8 38. b5 Rd7 39. Rxd7
Kxd7 40. Kd4 Kd6 41. a5 h5 42. f4 h4 43. b6 axb6 44. axb6 Kc6 45. Ke5 Kxb6 1-0

[Event "Sparkassen-Open J"]
[Site "Heusenstamm, Martinsee"]
[Date "2019.11.22"]
[Round "1.2"]
[White "Jelinek, Tim"]
[Black "Kamleiter, Noah"]
[Result "0-1"]
[WhiteElo "1224"]
[BlackElo "1395"]
[PlyCount "58"]
[EventDate "2019.??.??"]
[WhiteTeam "SC Kahl"]
[BlackTeam "TSV Bindlach Aktionär"]

1. d4 Nf6 2. Bf4 e6 3. e3 b6 4. Nf3 Bb7 5. Bc4 Be7 6. Nbd2 O-O 7. c3 c5 8. a3
d5 9. Bd3 Bd6 10. Bg3 Nc6 11. b4 c4 12. Bc2 b5 13. O-O Bxg3 14. fxg3 Qc7 15.
Qe2 e5 16. e4 exd4 17. e5 d3 18. Qe1 Qb6+ 19. Kh1 Ng4 20. h3 Ne3 21. Bb1 Nxf1
22. Qxf1 Qe3 23. Nh4 Qxd2 24. Ba2 Qxc3 25. Re1 Nd4 26. Rc1 Qxa3 27. Bb1 Ne2 28.
Qf3 Qxc1+ 29. Kh2 Qg1# 0-1

[Event "Sparkassen-Open J"]
[Site "Heusenstamm, Martinsee"]
[Date "2019.11.22"]
[Round "1.3"]
[White "Kürschner, Liam"]
[Black "Sadri, Adrian"]
[Result "1-0"]
[WhiteElo "1423"]
[BlackElo "1243"]
[PlyCount "39"]
[EventDate "2019.??.??"]
[WhiteTeam "SK Langen"]
[BlackTeam "SC Bad Soden"]

1. c4 c5 2. Nc3 Nc6 3. d3 d6 4. g3 e5 5. Bg2 Bd7 6. Nf3 Nf6 7. Bg5 g6 8. O-O
Bg7 9. Ne4 O-O 10. Nxd6 Qc7 11. Nb5 Qb6 12. Qd2 e4 13. Ne1 exd3 14. Nxd3 Rfe8
15. Nf4 a6 16. Bxf6 Bxf6 17. Nd5 Qa5 18. Nxf6+ Kh8 19. Qh6 Rg8 20. Qxh7# 1-0

[Event "Sparkassen-Open J"]
[Site "Heusenstamm, Martinsee"]
[Date "2019.11.22"]
[Round "1.4"]
[White "González Peisker, Mateo León"]
[Black "Czinkota, Michael"]
[Result "0-1"]
[WhiteElo "970"]
[BlackElo "1604"]
[PlyCount "104"]
[EventDate "2019.??.??"]
[WhiteTeam "SV Multatuli Ingelheim e.V."]
[BlackTeam "SC Bad Soden"]

1. e4 e5 2. Nf3 Nc6 3. Bc4 Nf6 4. Nc3 Bc5 5. O-O d6 6. h3 O-O 7. d3 Na5 8. Nd5
Nxd5 9. Bxd5 c6 10. Bg5 Qe8 11. Bc4 Nxc4 12. dxc4 f6 13. Bd2 Qg6 14. Nh4 Qxe4
15. b4 Bb6 16. Nf3 Qxc4 17. Be1 Rd8 18. c3 Qf7 19. Bd2 Qg6 20. Nh4 Qg3 21. Qb3+
d5 22. Nf5 Bxf5 23. c4 Qxb3 24. axb3 dxc4 25. Bc3 cxb3 26. Kh1 Rd3 27. Rfc1 b2
28. Bxb2 Rd2 29. Bc3 Rxf2 30. Be1 Re2 31. Bc3 Rd8 32. Rab1 Bxb1 33. Rxb1 Rc2
34. Be1 Bf2 35. g4 Bxe1 36. Rxe1 Rb2 37. g5 Rxb4 38. gxf6 gxf6 39. h4 Rxh4+ 40.
Kg1 a5 41. Kg2 a4 42. Kg1 a3 43. Ra1 Ra4 44. Kg2 Rd2+ 45. Kg1 Rb2 46. Kh1 a2
47. Rg1+ Kf7 48. Ra1 Rb1+ 49. Rxb1 axb1=Q+ 50. Kh2 Ra3 51. Kg2 Qb2+ 52. Kf1
Ra1# 0-1

[Event "Sparkassen-Open J"]
[Site "Heusenstamm, Martinsee"]
[Date "2019.11.22"]
[Round "1.5"]
[White "Negru, Maximilian"]
[Black "Spelleken, Mark"]
[Result "1-0"]
[WhiteElo "1323"]
[BlackElo "961"]
[PlyCount "37"]
[EventDate "2019.??.??"]
[WhiteTeam "SK Bad Homburg"]
[BlackTeam "SC Kahl"]

1. e4 e5 2. Nf3 Nc6 3. Bc4 Bc5 4. c3 Nf6 5. d4 exd4 6. cxd4 Bb4+ 7. Nc3 d6 8.
O-O O-O 9. Bg5 h6 10. Bh4 Bg4 11. Nd5 Kh7 12. Qd3 g5 13. e5+ Kh8 14. Nxf6 Qxf6
15. exf6 gxh4 16. Qe3 Kh7 17. Bd3+ Kg8 18. Qxh6 Rfd8 19. Qg7# 1-0

[Event "Sparkassen-Open J"]
[Site "Heusenstamm, Martinsee"]
[Date "2019.11.22"]
[Round "1.6"]
[White "Gärtner, David"]
[Black "Kanno, Clara Yumi"]
[Result "0-1"]
[WhiteElo "958"]
[BlackElo "1142"]
[PlyCount "134"]
[EventDate "2019.??.??"]
[WhiteTeam "SF Heidesheim"]
[BlackTeam "SK Altenkirchen"]

1. c4 c5 2. Nc3 d6 3. Nf3 Nc6 4. g3 Nf6 5. Bg2 e6 6. O-O Be7 7. d3 O-O 8. e4 b6
9. Be3 Bb7 10. Nd2 Nd4 11. f4 e5 12. fxe5 dxe5 13. Nf3 a6 14. Nxe5 Qd6 15. Bf4
Qe6 16. Nd5 Nxd5 17. cxd5 Qc8 18. Qd2 Bd6 19. Nc4 Bc7 20. Nd6 Qb8 21. Nxb7 Bxf4
22. Rxf4 Qxb7 23. e5 Qe7 24. d6 Qxe5 25. Bxa8 Ne2+ 26. Kh1 Nxf4 27. Qxf4 Qxf4
28. gxf4 Rxa8 29. Re1 Kf8 30. Re7 Rd8 31. Ra7 a5 32. d7 Ke7 33. Rb7 Rxd7 34.
Rxb6 Rxd3 35. Rb5 Rd1+ 36. Kg2 Rd2+ 37. Kf3 Rxh2 38. Rxc5 Rxb2 39. Rxa5 Rb1 40.
a4 Ra1 41. Ra6 g6 42. a5 Kf8 43. Ra7 Kg7 44. a6 Kf6 45. Ra8 Kf5 46. a7 Ra3+ 47.
Kf2 h5 48. Kg2 Kxf4 49. Rd8 Rxa7 50. Rd4+ Kg5 51. Rd5+ f5 52. Rd3 Ra4 53. Re3
h4 54. Rf3 Kg4 55. Re3 Ra2+ 56. Kg1 g5 57. Kf1 f4 58. Rc3 f3 59. Rc1 Kg3 60.
Kg1 h3 61. Rf1 f2+ 62. Kh1 Ra3 63. Rd1 Rf3 64. Rf1 Rf4 65. Rxf2 Rxf2 66. Kg1
h2+ 67. Kh1 Rf1# 0-1

[Event "Sparkassen-Open J"]
[Site "Heusenstamm, Martinsee"]
[Date "2019.11.22"]
[Round "1.7"]
[White "Jumah, Shayan"]
[Black "Biallas, Flynn"]
[Result "1-0"]
[WhiteElo "1249"]
[BlackElo "953"]
[PlyCount "109"]
[EventDate "2019.??.??"]
[WhiteTeam "SG Trier"]
[BlackTeam "SV Ffm-Griesheim"]

1. e4 e5 2. Nf3 Nc6 3. Bb5 Bc5 4. O-O Nf6 5. Re1 O-O 6. d3 d6 7. Bg5 h6 8. Bh4
Bg4 9. h3 Bxf3 10. Qxf3 Nd4 11. Qd1 c6 12. Bc4 Rc8 13. c3 Ne6 14. b4 Bb6 15.
Qb3 Nf4 16. Nd2 Ng6 17. Nf3 Nxh4 18. Nxh4 Nh5 19. Nf3 Qf6 20. d4 c5 21. dxe5
dxe5 22. b5 Qg6 23. Nh4 Qg5 24. Nf3 Qf6 25. Re3 Nf4 26. g3 Nxh3+ 27. Kg2 Ng5
28. Nxg5 Qxg5 29. Rf3 Rcd8 30. Bxf7+ Kh8 31. Rf5 Qg4 32. Bh5 Qxe4+ 33. Rf3 g6
34. Bxg6 Qxf3+ 35. Kh3 Rd6 36. Qc2 Rff6 37. Be4 Qh5+ 38. Kg2 c4 39. Rh1 Qf7 40.
f3 h5 41. g4 Rh6 42. g5 Rhe6 43. Bf5 Re8 44. g6 Qf6 45. Rxh5+ Kg7 46. Rh7+ Kf8
47. g7+ Ke7 48. g8=Q+ Kd8 49. Qg4 Rd7 50. Rxd7+ Kc8 51. Rf7+ Kb8 52. Rxf6 Ka8
53. Rxb6 e4 54. Qcxe4 Rd8 55. Qxb7# 1-0

[Event "Sparkassen-Open J"]
[Site "Heusenstamm, Martinsee"]
[Date "2019.11.22"]
[Round "1.8"]
[White "Englert, Ann"]
[Black "Riemann, Adrian"]
[Result "0-1"]
[WhiteElo "950"]
[BlackElo "1307"]
[PlyCount "54"]
[EventDate "2019.??.??"]
[WhiteTeam "TV-Großostheim"]
[BlackTeam "SK Bickenbach"]

1. e4 e6 2. Nf3 d5 3. Nc3 Nf6 4. d3 c5 5. e5 Nfd7 6. Bf4 Nc6 7. g3 Qb6 8. b3
Qa5 9. Qd2 Be7 10. Bg2 O-O 11. O-O b6 12. a3 d4 13. b4 dxc3 14. Qxc3 Qa4 15.
bxc5 Bxc5 16. Qb3 Qa5 17. a4 Nd4 18. Qc4 Ba6 19. Qa2 Ne2+ 20. Kh1 Bd4 21. Nxd4
Nxd4 22. Bxa8 Rxa8 23. Qb2 Qc5 24. c3 Nf3 25. d4 Qd5 26. Rad1 Ne1+ 27. Kg1 Qg2#
0-1

[Event "Sparkassen-Open J"]
[Site "Heusenstamm, Martinsee"]
[Date "2019.11.22"]
[Round "1.9"]
[White "Akhmatovski, Maxim"]
[Black "Basoglu, Jakob"]
[Result "1-0"]
[WhiteElo "1359"]
[BlackElo "945"]
[PlyCount "45"]
[EventDate "2019.??.??"]
[WhiteTeam "SV Oberursel"]
[BlackTeam "SC Heusenstamm"]

1. d4 d5 2. c4 e6 3. Nc3 Nf6 4. Bg5 Be7 5. e3 O-O 6. Nf3 h6 7. Bh4 Nbd7 8. Bd3
c5 9. cxd5 cxd4 10. Nxd4 exd5 11. O-O g5 12. Bg3 h5 13. h3 Nc5 14. Rc1 Nxd3 15.
Qxd3 h4 16. Be5 Re8 17. Nf3 Bd6 18. Bxf6 Qxf6 19. Nxd5 Qg6 20. Qxg6+ fxg6 21.
Nf6+ Kf8 22. Nxe8 Kxe8 23. Rfd1 1-0

[Event "Sparkassen-Open J"]
[Site "Heusenstamm, Martinsee"]
[Date "2019.11.22"]
[Round "1.10"]
[White "Paschedag, Vivien"]
[Black "Yang, Marco"]
[Result "0-1"]
[WhiteElo "923"]
[BlackElo "1260"]
[PlyCount "54"]
[EventDate "2019.??.??"]
[WhiteTeam "SC Heusenstamm"]
[BlackTeam "SK Mannheim-Lindenhof"]

1. e4 c5 2. Bc4 e6 3. Nf3 d6 4. d3 Nf6 5. Bg5 Be7 6. O-O O-O 7. Re1 Nc6 8. Nc3
Nd7 9. Qd2 Nde5 10. Nxe5 Bxg5 11. Nxc6 bxc6 12. Qe2 d5 13. Bb3 d4 14. Na4 Qa5
15. g3 Ba6 16. f4 Be7 17. c4 dxc3 18. Nxc3 Qb4 19. a3 Qd4+ 20. Kg2 Qxd3 21.
Qxd3 Bxd3 22. f5 e5 23. Rad1 c4 24. Ba4 Rab8 25. b3 Bxa3 26. Bxc6 Rxb3 27. Bd5
Rxc3 0-1

[Event "Sparkassen-Open J"]
[Site "Heusenstamm, Martinsee"]
[Date "2019.11.22"]
[Round "1.11"]
[White "Heller, Roan"]
[Black "Milman, Sophie"]
[Result "1-0"]
[WhiteElo "1490"]
[BlackElo "917"]
[PlyCount "129"]
[EventDate "2019.??.??"]
[WhiteTeam "TuS Dotzheim"]
[BlackTeam "SC Heusenstamm"]

1. e4 e5 2. Nf3 Nc6 3. Bc4 Bc5 4. O-O d6 5. d3 Bg4 6. h3 Bh5 7. Bg5 Nf6 8. a3
O-O 9. c3 a6 10. Nbd2 h6 11. Bh4 Qe7 12. Qc1 Rfe8 13. b4 Bb6 14. Bd5 Qd8 15.
Bxc6 bxc6 16. d4 exd4 17. cxd4 d5 18. Qxc6 Re6 19. Qc2 Qe7 20. e5 Bg6 21. Qa2
c6 22. exf6 gxf6 23. Qb2 Qd6 24. Rac1 Bc7 25. Bg3 Qd7 26. Bxc7 Qxc7 27. Qa2 Qd6
28. Nb3 Bd3 29. Rfe1 Rxe1+ 30. Rxe1 Bc4 31. Nfd2 Bd3 32. Nc5 Bf5 33. Qb3 Qf4
34. Qc3 Qg5 35. Nb7 Rb8 36. Nd6 Be6 37. Qg3 Qxg3 38. fxg3 Kg7 39. Nb3 Kg6 40.
Na5 Rb6 41. Rc1 Bd7 42. Nxc6 Bxc6 43. Nc8 Rb7 44. Rxc6 Rd7 45. Rxa6 Rd8 46.
Ne7+ Kg5 47. Ra5 h5 48. Rxd5+ Rxd5 49. Nxd5 Kf5 50. b5 Ke6 51. b6 Kxd5 52. b7
Kxd4 53. b8=Q Kd5 54. Qb6 Ke5 55. a4 f5 56. a5 f4 57. gxf4+ Kxf4 58. a6 Ke4 59.
a7 Ke5 60. a8=Q Kf5 61. Qaa5+ Ke4 62. Qbb4+ Kd3 63. Qaa3+ Kc2 64. Qbb2+ Kd1 65.
Qaa1# 1-0

[Event "Sparkassen-Open J"]
[Site "Heusenstamm, Martinsee"]
[Date "2019.11.22"]
[Round "1.12"]
[White "Ninnemann, Patrick"]
[Black "Strauß, Florian"]
[Result "0-1"]
[WhiteElo "892"]
[BlackElo "1231"]
[PlyCount "58"]
[EventDate "2019.??.??"]
[WhiteTeam "SC Bad Soden"]
[BlackTeam "SV Multatuli Ingelheim e.V."]

1. e4 d5 2. exd5 Nf6 3. Nc3 Nxd5 4. Nxd5 Qxd5 5. c4 Qe5+ 6. Qe2 Qxe2+ 7. Nxe2
e5 8. Nc3 Bc5 9. g3 Be6 10. d3 O-O 11. Bg2 Nc6 12. O-O Rfd8 13. Nd5 Bxd5 14.
cxd5 Nb4 15. Bg5 f6 16. Be3 Bxe3 17. fxe3 Nxd3 18. b3 Nb4 19. d6 cxd6 20. Bxb7
Rab8 21. Bf3 Nc2 22. Bd5+ Kf8 23. Kf2 Nxa1 24. Rxa1 Rb5 25. e4 Rc5 26. Ke3 Rdc8
27. b4 Rc3+ 28. Kd2 Rc2+ 29. Kd3 R8c3# 0-1

[Event "Sparkassen-Open J"]
[Site "Heusenstamm, Martinsee"]
[Date "2019.11.22"]
[Round "1.13"]
[White "Yue, Qihang"]
[Black "Hartl, Maximilian"]
[Result "1-0"]
[WhiteElo "1376"]
[BlackElo "890"]
[PlyCount "101"]
[EventDate "2019.??.??"]
[WhiteTeam "SV Multatuli Ingelheim e.V."]
[BlackTeam "TSV Landsberg"]

1. d4 d5 2. Nf3 Nf6 3. e3 e6 4. Bd3 Bd6 5. Nbd2 O-O 6. O-O Nc6 7. e4 dxe4 8.
Nxe4 Nxe4 9. Bxe4 Bd7 10. Re1 Qe7 11. d5 Ne5 12. Bxh7+ Kxh7 13. Nxe5 Bxe5 14.
Rxe5 Qf6 15. Rh5+ Kg8 16. h3 exd5 17. Rxd5 Bc6 18. Rd3 Rad8 19. Be3 Rxd3 20.
Qxd3 Qxb2 21. Bd4 Qb4 22. Bc3 Qe7 23. Qg3 g6 24. Re1 Qd8 25. Qe5 f6 26. Qg3 g5
27. h4 Re8 28. Rxe8+ Bxe8 29. hxg5 fxg5 30. Qe5 Qd1+ 31. Kh2 Qh5+ 32. Kg1 Qd1+
33. Be1 Bg6 34. Qe6+ Kg7 35. Qe3 Bxc2 36. Qxg5+ Kf7 37. Qd2 Qxd2 38. Bxd2 Ke6
39. f4 c5 40. Kf2 c4 41. Ke3 Kd5 42. g4 b6 43. f5 a5 44. f6 Ke6 45. Bc3 Bb1 46.
a3 b5 47. g5 Kf5 48. f7 Kxg5 49. f8=Q Bg6 50. Qc5+ Bf5 51. Qxb5 1-0

[Event "Sparkassen-Open J"]
[Site "Heusenstamm, Martinsee"]
[Date "2019.11.22"]
[Round "1.14"]
[White "Culha, Merve"]
[Black "Claussen, Alexander"]
[Result "0-1"]
[WhiteElo "874"]
[BlackElo "1220"]
[PlyCount "118"]
[EventDate "2019.??.??"]
[WhiteTeam "SC Heusenstamm"]
[BlackTeam "SF Essen-Werden"]

1. e4 e6 2. d4 b6 3. Nf3 Bb7 4. Nc3 Bb4 5. Bd3 Nf6 6. Bd2 Bxc3 7. Qe2 Bxd2+ 8.
Nxd2 d6 9. e5 dxe5 10. Qxe5 Nbd7 11. Qg5 O-O 12. Qg3 c5 13. c3 cxd4 14. cxd4
Rc8 15. O-O Qc7 16. Qh3 Qf4 17. Rad1 Qxd4 18. Rfe1 Qg4 19. Qxg4 Nxg4 20. Be4
Bxe4 21. Rxe4 Ngf6 22. Ra4 Rc7 23. Nb3 Rfc8 24. Re1 Nc5 25. Nxc5 Rxc5 26. Rd4
Nd5 27. h3 h6 28. a3 Rc1 29. Rdd1 Nf4 30. Rxc1 Rxc1 31. Rxc1 Ne2+ 32. Kf1 Nxc1
33. Ke1 Nd3+ 34. Kd2 Nxb2 35. Kc3 Nd1+ 36. Kb4 Nxf2 37. a4 Kf8 38. Kb5 Ke7 39.
Ka6 Kd6 40. Kxa7 Kc6 41. Ka6 e5 42. a5 bxa5 43. Kxa5 e4 44. Kb4 Kd5 45. Kc3
Nd1+ 46. Kd2 Kd4 47. Kxd1 Ke3 48. Ke1 f6 49. g4 g6 50. h4 f5 51. gxf5 gxf5 52.
h5 f4 53. Kf1 Kd2 54. Kf2 e3+ 55. Kf1 e2+ 56. Kf2 e1=Q+ 57. Kf3 Qe3+ 58. Kg4 f3
59. Kf5 f2 0-1

[Event "Sparkassen-Open J"]
[Site "Heusenstamm, Martinsee"]
[Date "2019.11.22"]
[Round "1.15"]
[White "Vick, Edward"]
[Black "Claussen, Daniela"]
[Result "1-0"]
[WhiteElo "1242"]
[BlackElo "870"]
[PlyCount "71"]
[EventDate "2019.??.??"]
[WhiteTeam "TuS Makkabi Wiesbaden"]
[BlackTeam "SF Essen-Werden"]

1. e4 e6 2. d4 b6 3. Nc3 Bb7 4. Bf4 Bb4 5. Qd3 Nf6 6. f3 d5 7. e5 Nfd7 8. O-O-O
Bxc3 9. Qxc3 c5 10. Ne2 O-O 11. h4 Na6 12. Bg5 f6 13. exf6 Nxf6 14. Nf4 Rc8 15.
Nxe6 Qd6 16. Nxf8 cxd4 17. Qxd4 Qc7 18. Bd3 Nc5 19. Bxf6 Nxd3+ 20. Qxd3 Ba6 21.
Qxd5+ Kxf8 22. Bc3 g6 23. Qe5 Qxe5 24. Bxe5 Bb5 25. Bd6+ Kg7 26. h5 Rc6 27.
Be5+ Kg8 28. hxg6 hxg6 29. Rh8+ Kf7 30. Rh7+ Ke6 31. Re1 Bd3 32. Bc3+ Be4 33.
Rxe4+ Kf5 34. Rf7+ Kg5 35. Bd2+ Kh5 36. Rh7# 1-0

[Event "Sparkassen-Open J"]
[Site "Heusenstamm, Martinsee"]
[Date "2019.11.22"]
[Round "1.16"]
[White "Neininger, Pascal"]
[Black "Gräßer, Malte"]
[Result "0-1"]
[WhiteElo "862"]
[BlackElo "1210"]
[PlyCount "44"]
[EventDate "2019.??.??"]
[WhiteTeam "SV Oberursel"]
[BlackTeam "SF Heidesheim"]

1. e4 e6 2. d4 d5 3. exd5 exd5 4. Nf3 Nf6 5. Bf4 Nc6 6. Bd3 Bd6 7. Bg5 h6 8.
Bxf6 Qxf6 9. Qe2+ Be7 10. O-O Nxd4 11. Qe3 Nxf3+ 12. Qxf3 Qxb2 13. Nd2 Qd4 14.
Rfe1 Qc5 15. Qe2 Be6 16. Nb3 Qd6 17. Nd4 Bd7 18. Bf5 Bc6 19. Bg4 g6 20. Rad1
Rd8 21. Rd3 O-O 22. Qxe7 Rfe8 0-1

[Event "Sparkassen-Open J"]
[Site "Heusenstamm, Martinsee"]
[Date "2019.11.22"]
[Round "1.17"]
[White "Guo, Felix"]
[Black "Müller, Mirelle-Fabienne"]
[Result "0-1"]
[WhiteElo "1045"]
[BlackElo "847"]
[PlyCount "100"]
[EventDate "2019.??.??"]
[WhiteTeam "SK Mannheim-Lindenhof"]
[BlackTeam "SC Landskrone"]

1. e4 e5 2. Nf3 Nc6 3. Bc4 Bc5 4. b4 Bd4 5. c3 Bb6 6. d4 exd4 7. Nxd4 Nf6 8.
Nxc6 bxc6 9. Nd2 d5 10. exd5 cxd5 11. Bb5+ Bd7 12. Qe2+ Qe7 13. Qxe7+ Kxe7 14.
Bxd7 Kxd7 15. O-O Rhe8 16. Nf3 Re4 17. Bg5 c5 18. b5 a6 19. bxa6 Rxa6 20. Rfd1
Ba5 21. Bxf6 Rxf6 22. Rxd5+ Rd6 23. Rxc5 Bd8 24. h3 Bb6 25. Ne5+ Ke8 26. Rc8+
Bd8 27. Nf3 Rde6 28. Ng5 Re1+ 29. Rxe1 Rxe1+ 30. Kh2 f6 31. Nf3 Ra1 32. c4 Rxa2
33. c5 Kd7 34. Rb8 Bc7+ 35. g3 Bxb8 36. Kg1 Ba7 37. g4 Bxc5 38. g5 Bxf2+ 39.
Kf1 f5 40. Ne5+ Ke6 41. Nd3 Bg3 42. Nc5+ Ke5 43. Nd3+ Ke4 44. Nc5+ Ke3 45. Kg1
Kf3 46. Nb3 Rb2 47. Nd4+ Ke4 48. Nc6 f4 49. Kf1 f3 50. Nd4 Rb1# 0-1

[Event "Sparkassen-Open J"]
[Site "Heusenstamm, Martinsee"]
[Date "2019.11.22"]
[Round "1.18"]
[White "Yang, Sophie"]
[Black "Stiehl, Richard"]
[Result "0-1"]
[WhiteElo "849"]
[BlackElo "1205"]
[PlyCount "64"]
[EventDate "2019.??.??"]
[WhiteTeam "SK Mannheim-Lindenhof"]
[BlackTeam "SV Multatuli Ingelheim e.V."]

1. e4 e5 2. f4 d6 3. Nf3 Nc6 4. fxe5 dxe5 5. Nc3 Bc5 6. Bc4 Bg4 7. d3 h6 8. Bd2
Nd4 9. Rf1 Nxf3+ 10. gxf3 Bh3 11. Rg1 Bxg1 12. Qe2 Qh4+ 13. Kd1 Nf6 14. Bb5+ c6
15. Ba4 Ng4 16. fxg4 Bxg4 17. Be1 Bxe2+ 18. Nxe2 Qxh2 19. Kd2 O-O-O 20. Bg3 Qh3
21. Bxe5 Be3+ 22. Kd1 Qh1+ 23. Ng1 Qxg1+ 24. Ke2 Qxa1 25. Bxg7 Rhg8 26. Bxh6
Bxh6 27. Bb3 Qxb2 28. Bxf7 Qxc2+ 29. Kf3 Qxd3+ 30. Kf2 Rdf8 31. e5 Rxf7+ 32.
Ke1 Qd2# 0-1

[Event "Sparkassen-Open J"]
[Site "Heusenstamm, Martinsee"]
[Date "2019.11.22"]
[Round "1.19"]
[White "Himmelspacht, Maxim"]
[Black "Sarbu, Carla Alexandra"]
[Result "1-0"]
[WhiteElo "1189"]
[BlackElo "846"]
[PlyCount "85"]
[EventDate "2019.??.??"]
[WhiteTeam "SK Gießen"]
[BlackTeam "SC Saarlouis"]

1. e4 e5 2. Nf3 Nc6 3. d4 Nf6 4. dxe5 Nxe4 5. Bc4 Bc5 6. Qd5 O-O 7. Qxe4 Qe8 8.
O-O Bd6 9. Re1 Bxe5 10. Nxe5 Nxe5 11. Qxe5 Qxe5 12. Rxe5 d6 13. Re2 Be6 14.
Bxe6 fxe6 15. Nc3 d5 16. Rxe6 Rfe8 17. Rxe8+ Rxe8 18. Be3 c6 19. Re1 d4 20. Bd2
Rd8 21. Ne4 d3 22. cxd3 Rxd3 23. Re3 Rd4 24. Kf1 a6 25. Ke2 Kf7 26. f3 b5 27.
Rd3 Rc4 28. Nd6+ Ke6 29. Nxc4 bxc4 30. Rc3 Kd5 31. Ke3 a5 32. Ra3 Kc5 33. Rxa5+
Kb6 34. Kd4 g5 35. Kxc4 h5 36. Kb4 Kb7 37. Be3 c5+ 38. Rxc5 g4 39. Kb5 gxf3 40.
gxf3 h4 41. h3 Kb8 42. Kb6 Ka8 43. Rc8# 1-0

[Event "Sparkassen-Open J"]
[Site "Heusenstamm, Martinsee"]
[Date "2019.11.22"]
[Round "1.20"]
[White "Heller, Karan"]
[Black "Albrecht, Angelique"]
[Result "0-1"]
[WhiteElo "844"]
[BlackElo "1185"]
[PlyCount "96"]
[EventDate "2019.??.??"]
[WhiteTeam "TuS Dotzheim"]
[BlackTeam "SV Multatuli Ingelheim e.V."]

1. e4 e5 2. Nf3 Nc6 3. d3 Bc5 4. Nc3 Nf6 5. a3 d6 6. Be3 b6 7. Be2 O-O 8. O-O
Ng4 9. Bxc5 bxc5 10. Qd2 h6 11. Nd5 Ne7 12. Nxe7+ Qxe7 13. h3 Nf6 14. Rae1 Bb7
15. Qc3 Rad8 16. Qa5 a6 17. Nd2 d5 18. Bf3 c6 19. Qa4 Nh7 20. Qb3 Rb8 21. exd5
cxd5 22. Bxd5 Ba8 23. Qa2 Ng5 24. Ne4 Rfd8 25. Bxa8 Rxa8 26. h4 Ne6 27. g3 f5
28. Nc3 Rd6 29. Rxe5 Qf6 30. Rfe1 Re8 31. Qb3 Kh7 32. Kg2 Nd4 33. Qa4 Rxe5 34.
Rxe5 Qxe5 35. Qc4 f4 36. Ne4 Rg6 37. Qxc5 f3+ 38. Kh2 Qxc5 39. Nxc5 Nxc2 40.
Kh3 h5 41. Ne4 Rb6 42. Ng5+ Kg6 43. Nxf3 Rxb2 44. Ne5+ Kf5 45. f4 Ne3 46. Nc4
Nxc4 47. dxc4 Rc2 48. g4+ hxg4+ 0-1

[Event "Sparkassen-Open J"]
[Site "Heusenstamm, Martinsee"]
[Date "2019.11.22"]
[Round "1.21"]
[White "Kautz, Christopher"]
[Black "Henzelmann, Matthias"]
[Result "0-1"]
[WhiteElo "1180"]
[BlackElo "843"]
[PlyCount "84"]
[EventDate "2019.??.??"]
[WhiteTeam "SF Neuberg"]
[BlackTeam "SK Gießen"]

1. c4 e5 2. Nc3 Nf6 3. g3 Bc5 4. e3 d6 5. Bg2 Nc6 6. a3 Be6 7. d3 d5 8. b4 Bd6
9. cxd5 Nxd5 10. Nxd5 Be7 11. Nxe7 Qxe7 12. Ne2 O-O 13. O-O Rfd8 14. Qc2 Qd7
15. Rd1 Bd5 16. Bxd5 Qxd5 17. e4 Qd7 18. Be3 Rdc8 19. Rd2 Nd4 20. Bxd4 exd4 21.
Qc4 Rd8 22. Rc1 Rdc8 23. Nf4 Re8 24. Qd5 Qxd5 25. Nxd5 c6 26. Rdc2 Rad8 27. Nf4
h6 28. Ne2 a6 29. Rc4 Rd7 30. Rxd4 Ree7 31. Rc3 f6 32. Nf4 Rxd4 33. Kf1 Kf7 34.
Ke2 g5 35. Ng2 Ke6 36. f4 f5 37. Ke3 Red7 38. exf5+ Kxf5 39. Rc5+ Kg4 40. Ne1
R4d6 41. fxg5 hxg5 42. Nf3 Rxd3+ 0-1

[Event "Sparkassen-Open J"]
[Site "Heusenstamm, Martinsee"]
[Date "2019.11.22"]
[Round "1.22"]
[White "Schilling, Pascal"]
[Black "Zhao, Yunsheng"]
[Result "0-1"]
[WhiteElo "838"]
[BlackElo "1145"]
[PlyCount "24"]
[EventDate "2019.??.??"]
[WhiteTeam "SV Ffm-Griesheim"]
[BlackTeam "SK Langen"]

1. e4 e5 2. Nf3 Nc6 3. Bc4 Bc5 4. O-O Nf6 5. Nc3 d6 6. d3 Bg4 7. Bg5 Nd4 8. Be3
Nxf3+ 9. gxf3 Bh3 10. Re1 Bb6 11. Nd5 Nxd5 12. Bxb6 Qg5+ 0-1

[Event "Sparkassen-Open J"]
[Site "Heusenstamm, Martinsee"]
[Date "2019.11.22"]
[Round "1.23"]
[White "Scheerer, Amelie"]
[Black "Tobias, Franziska Ylvi"]
[Result "1-0"]
[WhiteElo "1050"]
[BlackElo "1266"]
[PlyCount "27"]
[EventDate "2019.??.??"]
[WhiteTeam "SV Ffm-Griesheim"]
[BlackTeam "SV Oberursel"]

1. e4 e5 2. Nf3 Nc6 3. Bc4 Bc5 4. c3 Nf6 5. d4 exd4 6. cxd4 Bb4+ 7. Bd2 Bxd2+
8. Nbxd2 O-O 9. O-O Re8 10. e5 Ng4 11. Ng5 Qxg5 12. Qf3 Nxd4 13. Qxf7+ Kh8 14.
Qxe8# 1-0

[Event "Sparkassen-Open J"]
[Site "Heusenstamm, Martinsee"]
[Date "2019.11.22"]
[Round "1.24"]
[White "Glavev, Danail"]
[Black "Akcapinar, Timur"]
[Result "1/2-1/2"]
[WhiteElo "829"]
[BlackElo "1106"]
[PlyCount "238"]
[EventDate "2019.??.??"]
[WhiteTeam "SV Oberursel"]
[BlackTeam "SF Essen-Werden"]

1. e4 c5 2. Nc3 d6 3. Bc4 Nf6 4. Nf3 g6 5. h3 Bg7 6. b3 O-O 7. Bb2 Nc6 8. d3 a6
9. a4 Bd7 10. Rb1 Rb8 11. Qd2 Nd4 12. Qe3 Nxf3+ 13. Qxf3 b5 14. axb5 Bxb5 15.
Nxb5 axb5 16. Bd5 Qa5+ 17. Kd1 Nxd5 18. exd5 Qa2 19. Ke2 Bxb2 20. Rbd1 Bc3 21.
Rc1 c4 22. bxc4 bxc4 23. dxc4 Qxc4+ 24. Ke3 Bd4+ 25. Kd2 Rb2 26. Qd3 Qb4+ 27.
Kd1 Rb1 28. Qd2 Qb2 29. Ke2 Rxc1 30. Rxc1 Bc5 31. c3 Ba3 32. Qxb2 Bxb2 33. Rb1
Bxc3 34. Rb7 e6 35. dxe6 fxe6 36. Rd7 d5 37. Rd6 Rf6 38. Kd3 Bb4 39. Rb6 Bc5
40. Rb8+ Kf7 41. Rb7+ Kg8 42. Rb8+ Rf8 43. Rxf8+ Kxf8 44. f3 e5 45. g4 Kf7 46.
h4 Kf6 47. Ke2 h5 48. gxh5 gxh5 49. Kd3 Kf5 50. Ke2 e4 51. fxe4+ dxe4 52. Kf1
Bb4 53. Ke2 Kf4 54. Kf2 e3+ 55. Ke2 Kg3 56. Kxe3 Kxh4 57. Kf2 Bd6 58. Kg2 Kg4
59. Kh1 Kh3 60. Kg1 Kg3 61. Kh1 h4 62. Kg1 Kg4 63. Kg2 h3+ 64. Kh1 h2 65. Kg2
Kg5 66. Kh1 Kf5 67. Kg2 Ke4 68. Kh1 Ke3 69. Kg2 Ke2 70. Kh1 Bg3 71. Kg2 Ke1 72.
Kh1 Ke2 73. Kg2 Ke3 74. Kh1 Kf4 75. Kg2 Kg4 76. Kh1 Kf4 77. Kg2 Ke3 78. Kh1 Ke2
79. Kg2 Ke3 80. Kh1 Ke2 81. Kg2 Ke3 82. Kh1 Ke2 83. Kg2 Kd2 84. Kh1 Bb8 85. Kg2
Bg3 86. Kh1 Bf4 87. Kg2 Bg3 88. Kh1 Kd1 89. Kg2 Kd2 90. Kh1 Ke1 91. Kg2 Ke2 92.
Kh1 Ke3 93. Kg2 Ke2 94. Kh1 Ke1 95. Kg2 Kd2 96. Kh1 Kd1 97. Kg2 Kc2 98. Kh1 Kb1
99. Kg2 Kc2 100. Kh1 Kd1 101. Kg2 Ke2 102. Kh1 Kd3 103. Kg2 Kc4 104. Kh1 Kd5
105. Kg2 Ke4 106. Kh1 Ke3 107. Kg2 Ke2 108. Kh1 Ke3 109. Kg2 Ke2 110. Kh1 Ke1
111. Kg2 Ke2 112. Kh1 Ke1 113. Kg2 Ke2 114. Kh1 Kd3 115. Kg2 Kd4 116. Kh1 Ke4
117. Kg2 Ke3 118. Kh1 Ke4 119. Kg2 Kf4 1/2-1/2

[Event "Sparkassen-Open J"]
[Site "Heusenstamm, Martinsee"]
[Date "2019.11.22"]
[Round "1.25"]
[White "Rodermel, Leonie"]
[Black "Plaumann, Finja"]
[Result "1-0"]
[WhiteElo "1097"]
[BlackElo "820"]
[PlyCount "77"]
[EventDate "2019.??.??"]
[WhiteTeam "SV Oberursel"]
[BlackTeam "SF Heidesheim"]

1. e4 e5 2. Nf3 d6 3. Nc3 Nc6 4. Bc4 Nf6 5. d3 Be7 6. O-O O-O 7. h3 Nd4 8. Nxd4
exd4 9. Nd5 c6 10. Nxe7+ Qxe7 11. Re1 Be6 12. Bxe6 Qxe6 13. Bd2 Nd7 14. f4 Qf6
15. Qf3 Qh6 16. Qg3 Nb6 17. Qg4 f6 18. Qe6+ Rf7 19. Qxd6 g6 20. Qxd4 g5 21. Qf2
Rg7 22. fxg5 fxg5 23. Rf1 Nd7 24. Qg3 Re8 25. Qg4 Rf8 26. Rxf8+ Nxf8 27. Rf1
Nd7 28. Bc3 Rf7 29. Rxf7 Kxf7 30. Qxd7+ Kg6 31. Qe6+ Kh5 32. g4+ Kh4 33. Qxh6+
Kg3 34. Qxg5 b6 35. e5 a5 36. e6 Kf3 37. e7 Ke2 38. e8=Q+ Kd1 39. Qd2# 1-0